|
|
|
|
| LEADER |
00000naa2a2200000 4500 |
| 001 |
450618 |
| 005 |
20231101083357.0 |
| 035 |
|
|
|a (RuTPU)RU\TPU\prd\112791
|
| 090 |
|
|
|a 450618
|
| 100 |
|
|
|a 20110614a1970 k y0rusy50 ca
|
| 101 |
0 |
|
|a rus
|
| 102 |
|
|
|a RU
|
| 200 |
1 |
|
|a Лавинный разряд в газе и генерирование нано- и субнаносекундных импульсов большого тока
|f Б. М. Ковальчук, В. В. Кремнев, Г. А. Месяц
|
| 320 |
|
|
|a Библиогр.: с 78 (7 назв.)
|
| 461 |
|
0 |
|0 (RuTPU)RU\TPU\prd\750
|t Доклады Академии Наук СССР
|h Новая серия
|o журнал
|f Академия наук СССР (АН СССР)
|d 1933-1992
|
| 463 |
|
0 |
|0 (RuTPU)RU\TPU\prd\67196
|t Т. 191, № 1
|v С. 76-78
|d 1970
|
| 610 |
1 |
|
|a труды учёных ТПУ
|
| 700 |
|
1 |
|a Ковальчук
|b Б. М.
|c российский электрофизик
|c профессор-консультант Томского политехнического университета
|c зав. лаб. Института сильноточной электроники Томского политехнического университета
|c выпускник ЭЭФ Томского политехнического института 1962 г., академик РАН
|f 1939-
|g Борис Михайлович
|2 stltpush
|3 (RuTPU)RU\TPU\pers\27417
|
| 701 |
|
1 |
|a Кремнев
|b В. В.
|
| 701 |
|
1 |
|a Месяц
|b Г. А.
|c российский физик
|c академик, вице-президент РАН
|c выпускник Томского политехнического института
|f 1936-
|g Геннадий Андреевич
|2 stltpush
|3 (RuTPU)RU\TPU\pers\17099
|4 070
|
| 801 |
|
1 |
|a RU
|b 63413507
|c 20110614
|
| 801 |
|
2 |
|a RU
|b 63413507
|c 20110616
|g RCR
|
| 942 |
|
|
|c BK
|